000 00909cab a22002055a 4500
001 L140164
008 070910e20070907xxkd f s 000 0 eng d
035 _a(Sirsi) u140164
041 0 _aeng
100 1 _aFordham, Peter
245 0 0 _aCost update
260 _c2007
490 0 _aBuilding
_v272(8496) 7 September 2007, 62-64(3)
520 _aDetails of Davis Langdon's quarterly analysis of construction materials and labour prices. Reports that construction materials prices over the past 12 months were up by more than the previous year, with timber prices up by 30% and steel up between 20-30%. Demand from the Far and Middle East is driving the continuing rise in construction materials prices.
590 _aKA
650 2 4 _aDAVIS LANGDON QUARTERLY ANALYSIS OF CONSTRUCTION MATERIALS AND LABOUR PRICES
651 4 _aUnited Kingdom
_y
690 _aBUILT ENVIRONMENT-BUILDING COSTS
942 _n0
999 _c79213
_d79213